| 000 | 00442nam a2200157 4500 | ||
|---|---|---|---|
| 001 | 148338 | ||
| 003 | ES-MaACL | ||
| 005 | 20230906202552.0 | ||
| 007 | t| | ||
| 008 | 070214s1934 sp r ||||1| spa d | ||
| 100 | 1 |
_aStrachey, John. _9108355 |
|
| 245 | 1 | 3 |
_aLa lucha por el poder _b: Âżmarxismo o fascismo? / _cJohn Strachey. |
| 260 |
_aMadrid : _b[s. n.], _c1934 ( _fGalo Saez) |
||
| 300 |
_a530 p. ; _c20 cm. |
||
| 852 |
_aES-MaACL _jA-3040 |
||
| 999 |
_c148338 _d148338 |
||